00454 2200181 4500001002100000005001500021035002000036007000300056008004100059020002200100082001100122084002100133100001500154245003100169260003900200300001700239990001600256INLIS00000000000049020210506072721 a0010-0521000009ta210506 g 0 ind  a978-602-8086-29-5 a297.77 a297.77 DIR t.c.10 aKemenag RI1 aThe Soft Power of Madrasah aJakarta Pusat :bKemenag RI,c2013 a265 ;c20 cm a2013/h/1444